El derecho del trabajo según Sancho Panza
Bewaard in:
| Hoofdauteur: | |
|---|---|
| Formaat: | Boek |
| Taal: | Spaans |
| Gepubliceerd in: |
Madrid
Cinca
2009
|
| Reeks: | Testimonio
|
| Onderwerpen: | |
| Tags: |
Voeg label toe
Geen labels, Wees de eerste die dit record labelt!
|
MARC
| LEADER | 00000nam a2200000 a 4500 | ||
|---|---|---|---|
| 001 | UCH3432 | ||
| 003 | CL-VaPUC | ||
| 008 | 090730e20090000SP |||||||||||||||||spa|d | ||
| 020 | |a 9788496889378 | ||
| 082 | 0 | 4 | |a 344.01 |b LOY |2 21 |
| 100 | |a Loy, Gianni |e autor |9 538783 | ||
| 245 | 1 | 3 | |a El derecho del trabajo según Sancho Panza |
| 300 | |a 159 p | ||
| 942 | |c BK | ||
| 945 | |d 20090730 00:00:00 |a rbrito | ||
| 260 | |a Madrid |b Cinca |c 2009 | ||
| 650 | 7 | |a DERECHO LABORAL |2 CL-VaPUC |9 15 | |
| 583 | |a last modification |c 20170803 09:47:38 |k Rodrigo Vera | ||
| 490 | 0 | |a Testimonio | |
| 999 | |c 334994 |d 334992 | ||
| 952 | |0 0 |1 0 |4 0 |6 344_010000000000000_LOY_2009 |7 0 |8 A |9 424443 |a BIBDER |b BIBDER |d 2019-11-22 |i 4580834 |o 344.01 LOY 2009 |p 4580834 |r 2023-01-25 |w 2019-11-22 |y BK |k DER | ||